[Event "XLIV Memoriał Szachowy Ludwika Zamenhofa 2025, Grupa B"]
[Site "Bialystok, Poland"]
[Date "2025.12.28"]
[Round "3.9"]
[White "Bakalarz, Leszek"]
[Black "Endeladze, Ramaz"]
[Result "0-1"]
[TimeControl "90'+30\""]
[WhiteElo "1909"]
[BlackElo "2133"]

1. e4 {[%clk 01:30:59]} g6 {[%clk 01:30:59]} {[%emt 00:00:02]} 2. d4 {[%clk
01:31:26]} {[%emt 00:00:02]} Bg7 {[%clk 01:31:28]} {[%emt 00:00:02]} 3. f4
{[%clk 01:31:40]} {[%emt 00:00:15]} d6 {[%clk 01:31:47]} {[%emt 00:00:12]} 4.
Nf3 {[%clk 01:31:27]} {[%emt 00:00:42]} e6 {[%clk 01:27:29]} {[%emt 00:04:49]}
5. c4 {[%clk 01:30:47]} {[%emt 00:01:09]} Ne7 {[%clk 01:27:57]} {[%emt
00:00:02]} 6. Nc3 {[%clk 01:30:53]} {[%emt 00:00:24]} b6 {[%clk 01:28:25]}
{[%emt 00:00:02]} 7. Bd3 {[%clk 01:26:32]} {[%emt 00:04:50]} Nd7 {[%clk
01:28:51]} {[%emt 00:00:06]} 8. Be3 {[%clk 01:26:26]} {[%emt 00:00:35]} a6
{[%clk 01:24:49]} {[%emt 00:04:32]} 9. Rc1 {[%clk 01:24:02]} {[%emt 00:02:53]}
O-O {[%clk 01:25:13]} {[%emt 00:00:07]} 10. O-O {[%clk 01:24:16]} {[%emt
00:00:16]} Re8 {[%clk 01:21:14]} {[%emt 00:04:30]} 11. h3 {[%clk 00:47:12]}
{[%emt 00:37:33]} c5 {[%clk 01:16:21]} {[%emt 00:05:24]} 12. d5 {[%clk
00:33:29]} {[%emt 00:14:13]} exd5 {[%clk 01:16:05]} {[%emt 00:00:45]} 13. cxd5
{[%clk 00:33:44]} {[%emt 00:00:15]} Bxc3 {[%clk 01:09:12]} {[%emt 00:07:24]} 14.
Rxc3 {[%clk 00:34:12]} {[%emt 00:00:02]} Nxd5 {[%clk 01:08:51]} {[%emt
00:00:51]} 15. exd5 {[%clk 00:34:30]} {[%emt 00:00:11]} Rxe3 {[%clk 01:09:19]}
{[%emt 00:00:02]} 16. Bxg6 {[%emt 00:00:18]} Rxc3 {[%emt 00:02:44]} 17. Bxf7+
{[%emt 00:00:24]} Kxf7 {[%clk 01:09:01]} {[%emt 00:00:39]} 18. Ng5+ {[%clk
00:33:10]} {[%emt 00:00:03]} Kg8 {[%emt 00:05:07]} 19. bxc3 {[%clk 00:29:05]}
{[%emt 00:00:06]} Nf6 {[%clk 01:07:17]} {[%emt 00:02:06]} 20. g4 {[%clk
00:29:07]} {[%emt 00:00:28]} Ra7 {[%clk 01:01:46]} {[%emt 00:06:02]} 21. Ne6
{[%clk 00:29:27]} {[%emt 00:00:09]} Qe8 {[%clk 00:59:46]} {[%emt 00:02:30]} 22.
f5 {[%clk 00:29:29]} {[%emt 00:00:28]} Bxe6 {[%clk 00:58:46]} {[%emt 00:01:31]}
23. dxe6 {[%clk 00:29:55]} {[%emt 00:00:03]} Qc6 {[%clk 00:59:11]} {[%emt
00:00:06]} 24. g5 {[%clk 00:29:30]} {[%emt 00:00:54]} Rg7 {[%clk 00:58:31]}
{[%emt 00:01:10]} 25. h4 {[%clk 00:29:36]} {[%emt 00:00:24]} Qe4 {[%clk
00:58:50]} {[%emt 00:00:12]} 26. Qe1 {[%clk 00:23:58]} {[%emt 00:06:07]} Qxe1
{[%clk 00:58:04]} {[%emt 00:01:16]} 27. Rxe1 {[%clk 00:24:26]} {[%emt
00:00:03]} h6 {[%clk 00:58:28]} {[%emt 00:00:06]} 28. e7 {[%clk 00:23:24]}
{[%emt 00:01:32]} hxg5 {[%clk 00:58:35]} {[%emt 00:00:23]} 29. e8=Q+ {[%clk
00:20:10]} {[%emt 00:03:44]} Nxe8 {[%clk 00:58:44]} {[%emt 00:00:21]} 30. Rxe8+
{[%clk 00:20:38]} {[%emt 00:00:01]} Kf7 {[%clk 00:59:02]} {[%emt 00:00:12]} 31.
Re6 {[%clk 00:20:00]} {[%emt 00:01:08]} gxh4+ {[%clk 00:59:27]} {[%emt
00:00:05]} 32. Kh2 {[%clk 00:20:15]} {[%emt 00:00:15]} b5 {[%clk 00:58:56]}
{[%emt 00:01:02]} 33. Rxd6 {[%clk 00:20:43]} {[%emt 00:00:02]} Rg3 {[%clk
00:59:21]} {[%emt 00:00:05]} 34. Rxa6 {[%clk 00:20:21]} {[%emt 00:00:50]} Rxc3
{[%clk 00:59:50]} {[%emt 00:00:03]} 35. a3 {[%clk 00:12:49]} {[%emt 00:08:02]}
c4 {[%clk 00:58:26]} {[%emt 00:01:53]} 36. a4 {[%clk 00:06:15]} {[%emt
00:07:05]} b4 {[%clk 00:58:50]} {[%emt 00:00:05]} 37. Rb6 {[%clk 00:06:36]}
{[%emt 00:00:09]} b3 {[%clk 00:59:12]} {[%emt 00:00:08]} 38. a5 {[%clk
00:06:54]} {[%emt 00:00:12]} Rf3 {[%clk 00:58:12]} {[%emt 00:01:30]} 39. Rb5
{[%clk 00:05:17]} {[%emt 00:02:07]} Kf6 {[%clk 00:57:36]} {[%emt 00:01:07]} 40.
Rb4 {[%clk 00:00:34]} {[%emt 00:05:13]} Rxf5 {[%clk 00:54:59]} {[%emt
00:03:06]} 41. Rxc4 {[%clk 00:01:02]} {[%emt 00:00:03]} Rb5 {[%clk 00:54:56]}
{[%emt 00:00:32]} 42. Rc1 {[%clk 00:00:35]} {[%emt 00:00:58]} Rxa5 {[%clk
00:55:13]} {[%emt 00:00:13]} 43. Rc6+ {[%clk 00:01:01]} {[%emt 00:00:03]} Ke5
{[%clk 00:55:34]} {[%emt 00:00:09]} 44. Rb6 {[%clk 00:01:30]} {[%emt 00:00:02]}
Ra3 {[%clk 00:55:58]} {[%emt 00:00:06]} 45. Kh3 {[%clk 00:00:32]} {[%emt
00:01:27]} Kd4 {[%clk 00:56:25]} {[%emt 00:00:03]} 46. Kxh4 {[%clk 00:00:53]}
{[%emt 00:00:10]} Ke5 {[%emt 00:00:47]} 0-1

[Event "XLIV Memoriał Szachowy Ludwika Zamenhofa 2025, Grupa B"]
[Site "Bialystok, Poland"]
[Date "2025.12.28"]
[Round "3.10"]
[White "Kaminski, Maciej"]
[Black "Padalka, Artem"]
[Result "0-1"]
[TimeControl "90'+30\""]
[WhiteElo "1884"]
[BlackElo "2111"]

1. e4 {[%clk 01:07:03]} {[%emt 00:23:49]} c5 {[%clk 01:30:54]} {[%emt
00:00:14]} 2. Nf3 {[%clk 01:07:18]} {[%emt 00:00:14]} e6 {[%clk 01:27:55]}
{[%emt 00:03:29]} 3. d4 {[%clk 01:07:26]} {[%emt 00:00:23]} cxd4 {[%clk
01:28:23]} {[%emt 00:00:02]} 4. Nxd4 {[%clk 01:07:48]} {[%emt 00:00:07]} a6
{[%clk 01:28:49]} {[%emt 00:00:05]} 5. Bd3 {[%clk 01:06:34]} {[%emt 00:01:43]}
Bc5 {[%clk 01:20:04]} {[%emt 00:09:15]} 6. Nb3 {[%clk 01:06:01]} {[%emt
00:01:03]} Ba7 {[%clk 01:20:23]} {[%emt 00:00:12]} 7. O-O {[%clk 00:59:56]}
{[%emt 00:06:34]} Nc6 {[%clk 01:20:17]} {[%emt 00:00:36]} 8. Qg4 {[%clk
00:57:46]} {[%emt 00:02:40]} Nf6 {[%clk 01:17:30]} {[%emt 00:03:17]} 9. Qg3
{[%clk 00:56:46]} {[%emt 00:01:30]} d6 {[%clk 01:09:40]} {[%emt 00:08:20]} 10.
Be3 {[%clk 00:54:21]} {[%emt 00:02:55]} O-O {[%clk 01:04:20]} {[%emt 00:05:50]}
11. Rd1 {[%clk 00:48:48]} {[%emt 00:06:03]} Ne5 {[%clk 00:41:12]} {[%emt
00:23:38]} 12. Bxa7 {[%clk 00:41:32]} {[%emt 00:07:47]} Rxa7 {[%clk 00:41:22]}
{[%emt 00:00:20]} 13. Qe3 {[%clk 00:41:52]} {[%emt 00:00:09]} b6 {[%clk
00:32:44]} {[%emt 00:09:08]} 14. f4 {[%clk 00:38:57]} {[%emt 00:03:25]} Nxd3
{[%clk 00:32:34]} {[%emt 00:00:40]} 15. cxd3 {[%clk 00:38:10]} {[%emt
00:01:17]} e5 {[%clk 00:15:43]} {[%emt 00:17:22]} 16. Nc3 {[%clk 00:30:50]}
{[%emt 00:07:48]} Re7 {[%clk 00:14:21]} {[%emt 00:01:53]} 17. d4 {[%clk
00:30:55]} {[%emt 00:00:25]} exf4 {[%clk 00:13:44]} {[%emt 00:01:08]} 18. Qxf4
{[%clk 00:30:30]} {[%emt 00:00:55]} Bb7 {[%clk 00:07:16]} {[%emt 00:06:58]} 19.
d5 {[%clk 00:25:47]} {[%emt 00:05:13]} b5 {[%clk 00:07:01]} {[%emt 00:00:45]}
20. a3 {[%clk 00:25:09]} {[%emt 00:01:08]} Rfe8 {[%clk 00:06:33]} {[%emt
00:00:55]} 21. Rf1 {[%clk 00:23:42]} {[%emt 00:01:59]} Qb6+ {[%clk 00:04:49]}
{[%emt 00:02:15]} 22. Kh1 {[%clk 00:22:45]} {[%emt 00:01:26]} a5 {[%clk
00:02:40]} {[%emt 00:02:40]} 23. Nd2 {[%clk 00:10:03]} {[%emt 00:13:12]} Ba6
{[%clk 00:01:35]} {[%emt 00:01:35]} 24. b4 {[%clk 00:09:03]} {[%emt 00:01:29]}
a4 {[%clk 00:01:16]} {[%emt 00:00:49]} 25. Nf3 {[%clk 00:06:07]} {[%emt
00:03:27]} Nxe4 {[%clk 00:01:06]} {[%emt 00:00:40]} 26. Nxe4 {[%clk 00:06:33]}
{[%emt 00:00:03]} Rxe4 {[%clk 00:01:30]} {[%emt 00:00:07]} 27. Qg5 {[%clk
00:04:50]} {[%emt 00:02:13]} Qe3 {[%clk 00:01:04]} {[%emt 00:00:56]} 28. Qg3
{[%clk 00:04:28]} {[%emt 00:00:52]} Qf4 {[%clk 00:01:29]} {[%emt 00:00:05]} 29.
Qf2 {[%clk 00:04:53]} {[%emt 00:00:05]} Bb7 {[%clk 00:01:06]} {[%emt 00:00:52]}
30. Rfd1 {[%clk 00:02:37]} {[%emt 00:02:46]} Re2 {[%clk 00:01:06]} {[%emt
00:00:31]} 31. Qd4 {[%clk 00:01:22]} {[%emt 00:01:44]} R8e4 {[%clk 00:00:42]}
{[%emt 00:00:55]} 32. Qb6 {[%clk 00:01:31]} {[%emt 00:00:21]} Qg4 {[%clk
00:00:58]} {[%emt 00:00:13]} 33. Rg1 {[%clk 00:01:42]} {[%emt 00:00:19]} Bxd5
{[%clk 00:00:59]} {[%emt 00:00:29]} 34. Qxd6 {[%clk 00:01:51]} {[%emt
00:00:21]} Ba8 {[%clk 00:00:59]} {[%emt 00:00:29]} 35. Raf1 {[%clk 00:01:22]}
{[%emt 00:01:00]} Re8 {[%clk 00:01:11]} {[%emt 00:00:17]} 36. Qb6 {[%clk
00:01:09]} {[%emt 00:00:44]} Rxg2 {[%clk 00:00:47]} {[%emt 00:00:55]} 37. Rxg2
{[%clk 00:00:38]} {[%emt 00:01:02]} Bxf3 {[%clk 00:01:14]} {[%emt 00:00:02]} 38.
Qf2 {[%clk 00:00:40]} {[%emt 00:00:29]} Bxg2+ {[%clk 00:01:12]} {[%emt
00:00:32]} 39. Qxg2 {[%clk 00:01:04]} {[%emt 00:00:05]} Qxg2+ {[%clk 00:01:33]}
{[%emt 00:00:09]} 40. Kxg2 {[%clk 00:01:30]} {[%emt 00:00:05]} Re2+ {[%clk
00:01:35]} {[%emt 00:00:27]} 41. Kg3 {[%clk 00:01:17]} {[%emt 00:00:42]} Ra2
{[%clk 00:01:46]} {[%emt 00:00:20]} 42. Rf3 {[%clk 00:01:12]} {[%emt 00:00:35]}
g6 {[%clk 00:01:40]} {[%emt 00:00:36]} 43. h4 {[%clk 00:01:05]} {[%emt
00:00:38]} Rb2 {[%clk 00:01:57]} {[%emt 00:00:13]} 44. Kf4 {[%clk 00:00:39]}
{[%emt 00:00:55]} Rb3 {[%clk 00:02:05]} {[%emt 00:00:22]} 45. Rf1 {[%clk
00:01:00]} {[%emt 00:00:09]} Rxa3 {[%clk 00:02:28]} {[%emt 00:00:08]} 46. h5
{[%clk 00:01:12]} {[%emt 00:00:17]} Kg7 {[%clk 00:02:29]} {[%emt 00:00:29]} 47.
Ke5 {[%clk 00:00:59]} {[%emt 00:00:42]} Re3+ {[%clk 00:01:13]} {[%emt
00:01:47]} 48. Kd4 {[%clk 00:01:07]} {[%emt 00:00:23]} Rh3 {[%clk 00:01:27]}
{[%emt 00:00:15]} 49. hxg6 {[%clk 00:00:59]} {[%emt 00:00:37]} hxg6 {[%clk
00:01:27]} {[%emt 00:00:31]} 50. Kc5 {[%clk 00:00:56]} {[%emt 00:00:33]} Rh5+
{[%clk 00:01:55]} {[%emt 00:00:02]} 51. Kc6 {[%clk 00:01:21]} {[%emt 00:00:05]}
Rf5 {[%clk 00:01:53]} {[%emt 00:00:31]} 52. Rg1 {[%clk 00:01:06]} {[%emt
00:00:46]} g5 {[%clk 00:02:14]} {[%emt 00:00:10]} 53. Kd6 {[%clk 00:01:15]}
{[%emt 00:00:20]} Kg6 {[%clk 00:02:41]} {[%emt 00:00:03]} 54. Rc1 {[%clk
00:01:38]} {[%emt 00:00:07]} g4 {[%clk 00:02:48]} {[%emt 00:00:24]} 55. Rc8
{[%clk 00:01:47]} {[%emt 00:00:20]} Kf6 {[%clk 00:02:39]} {[%emt 00:00:39]} 56.
Rc3 {[%clk 00:01:23]} {[%emt 00:00:55]} Kg5 {[%clk 00:02:51]} {[%emt 00:00:17]}
57. Rc5 {[%clk 00:01:43]} {[%emt 00:00:10]} g3 {[%clk 00:03:02]} {[%emt
00:00:19]} 58. Rc8 {[%clk 00:02:08]} {[%emt 00:00:05]} Kg4 {[%clk 00:02:55]}
{[%emt 00:00:38]} 59. Kc6 {[%clk 00:02:21]} {[%emt 00:00:17]} g2 {[%clk
00:03:11]} {[%emt 00:00:14]} 60. Rg8+ {[%clk 00:02:37]} {[%emt 00:00:13]} Rg5
{[%clk 00:03:23]} {[%emt 00:00:19]} 61. Rxg5+ {[%clk 00:02:41]} {[%emt
00:00:26]} Kxg5 {[%clk 00:03:50]} {[%emt 00:00:02]} 0-1

[Event "XLIV Memoriał Szachowy Ludwika Zamenhofa 2025, Grupa B"]
[Site "Bialystok, Poland"]
[Date "2025.12.28"]
[Round "3.11"]
[White "Fudala, Dominik"]
[Black "Kasperek, Ryszard"]
[Result "0-1"]
[TimeControl "90'+30\""]
[WhiteElo "1877"]
[BlackElo "2088"]

1. Nf3 {[%clk 01:30:57]} {[%emt 00:00:02]} c5 {[%clk 01:29:01]} {[%emt
00:01:59]} 2. c4 {[%clk 01:30:49]} {[%emt 00:00:38]} g6 {[%clk 01:26:32]}
{[%emt 00:02:59]} 3. g3 {[%clk 01:30:47]} {[%emt 00:00:32]} Bg7 {[%clk
01:26:56]} {[%emt 00:00:05]} 4. Bg2 {[%clk 01:31:03]} {[%emt 00:00:13]} Nc6
{[%clk 01:26:54]} {[%emt 00:00:35]} 5. Nc3 {[%clk 01:31:23]} {[%emt 00:00:09]}
e6 {[%clk 01:23:30]} {[%emt 00:03:53]} 6. d4 {[%clk 01:31:21]} {[%emt
00:00:33]} cxd4 {[%clk 01:21:31]} {[%emt 00:02:29]} 7. Nb5 {[%clk 01:31:37]}
{[%emt 00:00:14]} d5 {[%clk 01:17:44]} {[%emt 00:04:16]} 8. cxd5 {[%clk
01:28:37]} {[%emt 00:03:30]} Qa5+ {[%clk 01:15:47]} {[%emt 00:02:28]} 9. Nd2
{[%clk 01:28:54]} {[%emt 00:00:13]} Qxb5 {[%clk 01:12:36]} {[%emt 00:03:41]} 10.
a4 {[%clk 01:27:03]} {[%emt 00:02:20]} Qa6 {[%clk 01:04:58]} {[%emt 00:08:09]}
11. dxc6 {[%clk 01:27:22]} {[%emt 00:00:12]} Ne7 {[%clk 01:04:28]} {[%emt
00:00:59]} 12. cxb7 {[%clk 01:18:47]} {[%emt 00:09:05]} Bxb7 {[%clk 01:01:47]}
{[%emt 00:03:12]} 13. Bxb7 {[%clk 01:18:06]} {[%emt 00:01:11]} Qxb7 {[%clk
01:02:09]} {[%emt 00:00:08]} 14. O-O {[%clk 01:17:57]} {[%emt 00:00:39]} O-O
{[%clk 00:59:30]} {[%emt 00:03:08]} 15. Ra3 {[%clk 01:04:22]} {[%emt 00:14:04]}
Rfd8 {[%clk 00:41:30]} {[%emt 00:18:31]} 16. Qb3 {[%clk 00:46:49]} {[%emt
00:18:03]} Qd7 {[%clk 00:39:48]} {[%emt 00:02:12]} 17. Qf3 {[%clk 00:41:12]}
{[%emt 00:06:05]} Rac8 {[%clk 00:38:01]} {[%emt 00:02:18]} 18. Rb3 {[%clk
00:20:33]} {[%emt 00:21:09]} Rc7 {[%clk 00:31:09]} {[%emt 00:07:22]} 19. Rb5
{[%clk 00:11:35]} {[%emt 00:09:29]} a6 {[%clk 00:23:12]} {[%emt 00:08:27]} 20.
Ra5 {[%clk 00:04:28]} {[%emt 00:07:36]} Qc8 {[%clk 00:21:58]} {[%emt 00:01:45]}
21. Nb3 {[%clk 00:04:38]} {[%emt 00:00:20]} Nc6 {[%clk 00:22:09]} {[%emt
00:00:19]} 22. Rg5 {[%clk 00:02:55]} {[%emt 00:02:12]} h6 {[%clk 00:21:38]}
{[%emt 00:01:01]} 23. Rc5 {[%clk 00:03:04]} {[%emt 00:00:21]} Ne5 {[%clk
00:19:11]} {[%emt 00:02:58]} 24. Rxe5 {[%clk 00:03:28]} {[%emt 00:00:07]} Bxe5
{[%clk 00:19:37]} {[%emt 00:00:03]} 25. Bxh6 {[%clk 00:03:53]} {[%emt
00:00:06]} Qb7 {[%clk 00:19:07]} {[%emt 00:00:59]} 26. Qd3 {[%clk 00:03:47]}
{[%emt 00:00:36]} Qd5 {[%clk 00:18:17]} {[%emt 00:01:20]} 27. Nd2 {[%clk
00:03:45]} {[%emt 00:00:32]} Bg7 {[%clk 00:08:34]} {[%emt 00:10:13]} 28. Bxg7
{[%clk 00:01:12]} {[%emt 00:03:03]} Kxg7 {[%clk 00:09:00]} {[%emt 00:00:05]} 29.
b4 {[%clk 00:00:35]} {[%emt 00:01:06]} Rb8 {[%clk 00:05:26]} {[%emt 00:04:04]}
30. Rb1 {[%clk 00:00:31]} {[%emt 00:00:34]} Rcb7 {[%clk 00:04:48]} {[%emt
00:01:08]} 31. e4 {[%clk 00:00:34]} {[%emt 00:00:27]} Qd7 {[%clk 00:03:22]}
{[%emt 00:01:56]} 32. b5 {[%clk 00:00:33]} {[%emt 00:00:32]} axb5 {[%clk
00:03:27]} {[%emt 00:00:24]} 33. Rb4 {[%clk 00:00:59]} {[%emt 00:00:04]} e5
{[%clk 00:03:10]} {[%emt 00:00:48]} 34. Nf3 {[%clk 00:00:39]} {[%emt 00:00:50]}
Qd6 {[%clk 00:02:59]} {[%emt 00:00:41]} 35. Qb1 {[%clk 00:01:05]} {[%emt
00:00:04]} d3 {[%clk 00:01:48]} {[%emt 00:01:40]} 36. Rxb5 {[%clk 00:01:00]}
{[%emt 00:00:35]} d2 {[%clk 00:01:38]} {[%emt 00:00:40]} 37. Qd1 {[%clk
00:01:05]} {[%emt 00:00:24]} Rxb5 {[%clk 00:02:04]} {[%emt 00:00:04]} 38. axb5
{[%clk 00:01:31]} {[%emt 00:00:05]} Rd8 {[%clk 00:02:24]} {[%emt 00:00:10]} 39.
Nh4 {[%clk 00:00:34]} {[%emt 00:01:27]} Qd3 {[%clk 00:01:14]} {[%emt 00:01:40]}
40. Ng2 {[%clk 00:00:43]} {[%emt 00:00:21]} Rc8 {[%clk 00:01:23]} {[%emt
00:00:22]} 41. Ne3 {[%clk 00:01:06]} {[%emt 00:00:06]} Rc1 {[%clk 00:01:45]}
{[%emt 00:00:08]} 0-1